Statistics for Five Largest Capitals by Continent

Click here to take the quiz!

General Stats

  • This quiz has been taken 86 times
  • The average score is 23 of 29

Answer Stats

PopulationCounty% Correct
North America22.3Mexico City
99%
Europe17.1Moscow
99%
Europe11.3Paris
99%
Africa17.1Cairo
97%
Europe14.5London
97%
North America8.4Washington D.C.
97%
Europe4.6Berlin
96%
Europe6.3Madrid
94%
South America16.0Buenos Aires
93%
Oceania0.43Canberra
93%
Asia39.8Tokyo
93%
Oceania0.4Wellington
93%
South America3.9Brasilia
90%
South America10.1Lima
90%
Africa10.9Kinshasa
81%
Africa5.4Nairobi
79%
Asia29.9Jakarta
78%
South America7.2Santiago
78%
South America9.5Bogota
76%
Oceania0.41Port Moresby
69%
Asia24.1Manila
68%
Asia24.8Seoul
68%
North America3.1Guatemala City
66%
Oceania0.088Suva
66%
Africa5.7Khartoum
60%
North America2.9Port-au-Prince
60%
North America3.8Santo Domingo
60%
Africa7.5Luanda
53%
Oceania0.084Honiara
32%

Score Distribution

Percentile by Number Answered

Percent of People with Each Score

Your Score History

You have not taken this quiz